X-raying the pharaohs /
محفوظ في:
المؤلف الرئيسي:
مؤلفون مشاركون: ,
مؤلفون آخرون:
التنسيق: كتاب
اللغة: English
منشور في:
New York :
Scribner,
[1973]
الموضوعات:
الوسوم: إضافة وسم
لا توجد وسوم, كن أول من يضع وسما على هذه التسجيلة!
رقم الطلب: DT62 .M7 H37 1973
| LEADER | 01619nam a2200397 4500 | ||
|---|---|---|---|
| 001 | 2102 | ||
| 003 | OSt | ||
| 005 | 20200502070358.0 | ||
| 008 | 130303s1973 nyua e 000 0 eng d | ||
| 952 | |0 0 |1 0 |2 lcc |4 0 |6 DT0062 M7 H37 01973 |7 1 |9 1796 |a ARCE |b ARCE |d 2020-05-02 |l 0 |o DT62 .M7 H37 1973 |p 1004467 |r 2020-05-02 00:00:00 |w 2020-05-02 |y BK | ||
| 999 | |c 3445 |d 3445 | ||
| 010 | |a 72001180 | ||
| 020 | |a 0684130165 | ||
| 035 | |a (OCoLC)00609169 | ||
| 035 | |a 325540 | ||
| 040 | |c ARCE Library | ||
| 043 | |a f-ua--- | ||
| 050 | 0 | 4 | |a DT62 .M7 H37 1973 |
| 100 | 1 | |a Harris, James E. |q (James Edgar), |d 1930- |e author | |
| 245 | 1 | 0 | |a X-raying the pharaohs / |c [by] James E. Harris, Kent R. Weeks. |
| 264 | 1 | |a New York : |b Scribner, |c [1973] | |
| 300 | |a 195 pages : |b illustrations ; |c 26 cm. | ||
| 336 | |a text |b txt |2 rdacontent | ||
| 337 | |a unmediated |b n |2 rdamedia | ||
| 338 | |a volume |b nc |2 rdacarrier | ||
| 500 | |a "Report of an expedition conducted at the Egyptian Museum, Cairo, under the direction of the School of Dentistry, University of Michigan, with the cooperation of the School of Dentistry, University of Alexandria, and the Egyptian Antiquities Dept. of the Egyptian Museum". | ||
| 650 | 0 | |a Mummies |x Radiography |z Egypt. | |
| 651 | 0 | |a Egypt |x Antiquities. | |
| 698 | 0 | |a DT62.M7 H37 1973 |c Arce. | |
| 700 | 1 | |a Weeks, Kent R. | |
| 710 | 2 | |a Matḥaf al-Miṣrī. | |
| 710 | 2 | |a University of Michigan. |b School of Dentistry. | |
| 901 | |a reviewed | ||
| 907 | |a .b23959897 |b 02-04-08 |c 01-30-08 | ||
| 942 | |c BK |2 lcc | ||
| 945 | |a DT62 .M7 H37 1973 |g 1 |i mq187077 |l 1arce |o z |p $0.00 |q |r |s w |t 0 |u 0 |v 0 |w 0 |x 0 |y .i31034202 |z 02-04-08 | ||
